Poznatková náročnosť, východisko a cesta tvorivej odbornej práce
Poznatková náročnosť tvorivej práce. Východisko tvorivej práce v probléme resp. problémovej situácii. Cesta tvorivej práce, úlohovej situácii.
Gespeichert in:
| 1. Verfasser: | |
|---|---|
| Format: | Buchkapitel |
| Sprache: | Slowakisch |
| Schlagworte: | |
| Tags: |
Keine Tags, Fügen Sie das erste Tag hinzu!
|
MARC
| LEADER | 00000naa$a2200000$$$4500 | ||
|---|---|---|---|
| 001 | 0003347 | ||
| 005 | 20230808082313.5 | ||
| 041 | 0 | |a slo | |
| 044 | |a SK | ||
| 245 | 1 | 0 | |a Poznatková náročnosť, východisko a cesta tvorivej odbornej práce |c aut. Vladimír Choluj |
| 520 | |a Poznatková náročnosť tvorivej práce. Východisko tvorivej práce v probléme resp. problémovej situácii. Cesta tvorivej práce, úlohovej situácii. | ||
| 610 | 2 | 0 | |a práca tvorivá |
| 610 | 2 | 0 | |a vedomosti |
| 610 | 2 | 0 | |a činnosť informačná |
| 610 | 2 | 0 | |a práca vedecká |
| 610 | 2 | 0 | |a práca vedeckovýskumná |
| 100 | 1 | |a Choluj, Vladimír | |